'ME' Countries Quiz Stats

 Plays Quiz Updated Sep 15, 2017

Score 0/7 Timer 05:00
1 Play Today
Continent Country % Correct
North AmericaMexico
90.9%
South AmericaSuriname
82.6%
AsiaYemen
63.7%
AsiaArmenia
60.5%
AsiaTurkmenistan
58.8%
AfricaCameroon
53.2%
AfricaSão Tomé and Príncipe
48.6%

You're not logged in!

Compare scores with friends on all Sporcle quizzes.
OR
Log In

You Might Also Like...

Show Comments

Extras

Top Quizzes Today


Score Distribution

Your Account Isn't Verified!

In order to create a playlist on Sporcle, you need to verify the email address you used during registration. Go to your Sporcle Settings to finish the process.

Report this User

Report this user for behavior that violates our Community Guidelines.

Details: